000 01759nam a22002537a 4500
008 251013b |||||||| |||| 00| 0 eng d
020 _a9780008698003
040 _ctbs
041 _aeng
050 _aPS3608.A4477
_bA78 2025
100 _aHarman, Sarah
_926119
_eauthor
245 _a All the other mothers hate me
_c/ Sarah Harman.
260 _aLondon,
_bHarperCollins Publishers,
_c2025.
300 _a314 pages ;
_c23 cm.
520 _aMaybe having a few enemies on the school run means you're doing something right… Florence knows all about failure. After a dismal end to her 2000s girlband career, she’s moping around West London, single, broke and unfulfilled. The only things she’s proud of are her increasingly elaborate nail art choices – and her ten-year-old son, Dylan. But when Alfie Risby, Dylan's bitter class rival and the child heir to a frozen foods empire, mysteriously vanishes on a school trip, Dylan becomes a prime suspect. Florence has to get her act together, find the missing boy and clear her son’s name or risk losing him forever. The only problem? She doesn’t have any detective skills, she’s not exactly popular at the school gates and she’s just found Alfie’s backpack hidden under Dylan’s bed… All the Other Mothers Hate Me is an irresistibly witty novel about fitting in, starting over and the lengths we’ll go to for the people we love.
650 0 _aBullies
_vFiction
_926120
650 0 _aMissing children
_vFiction
_923688
650 0 _aMissing persons
_xInvestigation
_vFiction
_925609
650 0 _aMothers and sons
_vFiction
_924082
650 0 _aSingle mothers
_vFiction
_925097
651 0 _aLondon (England)
_vFiction
_924106
655 0 _aThrillers (Fiction)
_922669
942 _2lcc
999 _c5034
_d5034